<?xml version="1.0" encoding="UTF-8"?><?xml-stylesheet type="text/xsl" href="static/style.xsl"?><OAI-PMH xmlns="http://www.openarchives.org/OAI/2.0/" xmlns:xsi="http://www.w3.org/2001/XMLSchema-instance" xsi:schemaLocation="http://www.openarchives.org/OAI/2.0/ http://www.openarchives.org/OAI/2.0/OAI-PMH.xsd"><responseDate>2026-04-17T01:01:51Z</responseDate><request verb="GetRecord" identifier="oai:www.recercat.cat:2099.1/21274" metadataPrefix="marc">https://recercat.cat/oai/request</request><GetRecord><record><header><identifier>oai:recercat.cat:2099.1/21274</identifier><datestamp>2025-07-23T01:29:24Z</datestamp><setSpec>com_2072_1033</setSpec><setSpec>col_2072_452951</setSpec></header><metadata><record xmlns="http://www.loc.gov/MARC21/slim" xmlns:dcterms="http://purl.org/dc/terms/" xmlns:xsi="http://www.w3.org/2001/XMLSchema-instance" xmlns:doc="http://www.lyncode.com/xoai" xsi:schemaLocation="http://www.loc.gov/MARC21/slim http://www.loc.gov/standards/marcxml/schema/MARC21slim.xsd">
   <leader>00925njm 22002777a 4500</leader>
   <datafield ind2=" " ind1=" " tag="042">
      <subfield code="a">dc</subfield>
   </datafield>
   <datafield ind2=" " ind1=" " tag="720">
      <subfield code="a">Gómez Lafuente, Ismael</subfield>
      <subfield code="e">author</subfield>
   </datafield>
   <datafield ind2=" " ind1=" " tag="260">
      <subfield code="c">2013-06-27</subfield>
   </datafield>
   <datafield ind2=" " ind1=" " tag="520">
      <subfield code="a">En aquest projecte s’ha desenvolupat un material didàctic multimèdia adient per a&#xd;
l’ensenyament del bloc de continguts curriculars “Electrònica, pneumàtica i hidràulica” de&#xd;
4t nivell d’ESO, estructurat en una sèrie d’activitats educatives i dirigit a un col·lectiu&#xd;
determinat d’immigrants, amb l’objectiu de facilitar la seva incorporació a l’aula ordinària en&#xd;
la matèria de Tecnologia.&#xd;
La motivació del treball té el seu origen en les necessitats manifestades per part del&#xd;
professorat de poder disposar d’eines adequades que ajudin en el procés d’ensenyament&#xd;
d’alumnes nouvinguts a l’aula ordinària. Això té especial incidència en alumnat amb un&#xd;
nivell de llengua catalana quasi nul i que accedeix a cursos elevats de l’ESO.&#xd;
Els recursos utilitzats per a l’elaboració de les activitats didàctiques han sigut el conjunt&#xd;
d’aplicacions JClic, de forma que, a més de proporcionar material multimèdia per a&#xd;
l’ensenyament, també es pugui fomentar l’ús de les TIC a l’aula.&#xd;
S’han elaborat un total de 19 activitats didàctiques basades en els continguts curriculars&#xd;
esmentats, de les quals 10 permeten treballar l’àrea d’Electrònica i 9 l’àrea de Pneumàtica&#xd;
i Hidràulica a partir del plantejament d’un marc teòric que duu a terme els objectius,&#xd;
continguts, assoliment de competències bàsiques i criteris d’avaluació que marca el&#xd;
currículum.&#xd;
El disseny de les activitats s’ha focalitzat bàsicament en treballar els conceptes i&#xd;
simbologia apresos i consolidar els continguts teòrics amb un recolzament visual i&#xd;
interactiu que proporcioni ajuda a l’alumne nouvingut en l’adquisició d’un nivell de&#xd;
llenguatge acadèmic bàsic d’una forma àgil i autònoma.&#xd;
Com a resultat final podem dir que, aquest projecte proporciona al docent un material&#xd;
multimèdia educatiu apropiat per a treballar amb l’alumnat nouvingut a l’aula ordinària&#xd;
activitats pràctiques que permetin consolidar els continguts tractats i facilitin alhora&#xd;
l’aprenentatge del llenguatge tècnic necessari, mitjançant la disposició de les activitats en&#xd;
la llengua pròpia del col·lectiu al qual van dirigides.</subfield>
   </datafield>
   <datafield tag="653" ind2=" " ind1=" ">
      <subfield code="a">Àrees temàtiques de la UPC::Ensenyament i aprenentatge::Ensenyament secundari::ESO</subfield>
   </datafield>
   <datafield tag="653" ind2=" " ind1=" ">
      <subfield code="a">Àrees temàtiques de la UPC::Ensenyament i aprenentatge::Material didàctic</subfield>
   </datafield>
   <datafield tag="653" ind2=" " ind1=" ">
      <subfield code="a">Technology -- Study and Teaching (Secondary)</subfield>
   </datafield>
   <datafield tag="653" ind2=" " ind1=" ">
      <subfield code="a">School integration</subfield>
   </datafield>
   <datafield tag="653" ind2=" " ind1=" ">
      <subfield code="a">Tecnologia</subfield>
   </datafield>
   <datafield tag="653" ind2=" " ind1=" ">
      <subfield code="a">TIC</subfield>
   </datafield>
   <datafield tag="653" ind2=" " ind1=" ">
      <subfield code="a">Alumnes nouvinguts</subfield>
   </datafield>
   <datafield tag="653" ind2=" " ind1=" ">
      <subfield code="a">JClic</subfield>
   </datafield>
   <datafield tag="653" ind2=" " ind1=" ">
      <subfield code="a">Electrònica</subfield>
   </datafield>
   <datafield tag="653" ind2=" " ind1=" ">
      <subfield code="a">Pneumàtica</subfield>
   </datafield>
   <datafield tag="653" ind2=" " ind1=" ">
      <subfield code="a">Activitats multimèdia</subfield>
   </datafield>
   <datafield tag="653" ind2=" " ind1=" ">
      <subfield code="a">Aula ordinària</subfield>
   </datafield>
   <datafield tag="653" ind2=" " ind1=" ">
      <subfield code="a">Hidràulica</subfield>
   </datafield>
   <datafield tag="653" ind2=" " ind1=" ">
      <subfield code="a">Aules d'acollida</subfield>
   </datafield>
   <datafield tag="653" ind2=" " ind1=" ">
      <subfield code="a">Tecnologia -- Educació secundària obligatòria</subfield>
   </datafield>
   <datafield tag="653" ind2=" " ind1=" ">
      <subfield code="a">Integració escolar</subfield>
   </datafield>
   <datafield ind2="0" ind1="0" tag="245">
      <subfield code="a">Elaboració d’activitats didàctiques multimèdia amb JClic per al bloc de continguts curriculars Electrònica, pneumàtica i hidràulica que facilitin l'aprenentatge d'alumnat nouvinguta l’aula ordinària</subfield>
   </datafield>
</record></metadata></record></GetRecord></OAI-PMH>